000 00324nam a2200145Ia 4500
005 20251222152633.0
008 251222s9999||||xx |||||||||||||| ||spa||
020 _a8439508352
082 _a709/DS98
100 _aDustan Martín, Graham
245 0 _aFavila
250 _a1ra.ed.
264 _bEspasa Calpe
942 _cLIB
999 _c27809
_d27809